CJ's treasure chase / Jessica Brody.
Available copies
- 1 of 1 copy available at LARL/NWRL Consortium.
Current holds
0 current holds with 1 total copy.
Show Only Available Copies
| Location | Call Number / Copy Notes | Barcode | Shelving Location | Status | Due Date |
|---|---|---|---|---|---|
| Godel Memorial-Warren Library | j BRO (Text) | 35500006643272 | Main | Available | - |
Record details
- ISBN: 9781484778647
- ISBN: 1484778642
- ISBN: 9781484799291
- ISBN: 1484799291
- ISBN: 9781518235733
- ISBN: 1518235735
- Physical Description: 184 pages ; 20 cm.
- Edition: First hardcover/paperback edition.
- Publisher: Los Angeles : Disney Press, 2016.
- Copyright: ©2016
Content descriptions
| General Note: | At head of title: Descendants. "New original story!"--Cover. Based on characters from the Disney Channel movie: Descendants written by Josann McGibbon & Sara ... Read More |
| Summary, etc.: | CJ, the daughter of Captain James Hook, sneaks out ... Read More |
Search for related items by subject
| Genre: | Fantasy fiction. |
Search for related items by series
| LDR | 02805cam a2200709Mi 4500 | ||
|---|---|---|---|
| 001 | 408427 | ||
| 003 | LARL_NWRL_CONSORTIUM | ||
| 005 | 20230209164756.0 | ||
| 008 | 160201t20162016cau j 000 1 eng d | ||
| 010 | . | ‡a 2016939519 | |
| 040 | . | ‡aBGK ‡beng ‡erda ‡cBGK ‡dOCLCF ‡dOCLCO ‡dOCLCA ‡dOCLCO | |
| 020 | . | ‡a9781484778647 ‡q(hardcover) | |
| 020 | . | ‡a1484778642 ‡q(hardcover) | |
| 020 | . | ‡a9781484799291 ‡q(paperback) | |
| 020 | . | ‡a1484799291 ‡q(paperback) | |
| 020 | . | ‡a9781518235733 | |
| 020 | . | ‡a1518235735 | |
| 035 | . | ‡a(OCoLC)1158445212 | |
| 082 | 0 | 4. | ‡a[Fic] ‡223 |
| 100 | 1 | . | ‡aBrody, Jessica, ‡eauthor. ‡0(LARL_NWRL_CONSORTIUM)198919 |
| 245 | 1 | 0. | ‡aCJ's treasure chase / ‡cJessica Brody. |
| 246 | 3 | . | ‡aDisney Descendants. School of secrets. CJ's treasure chase |
| 246 | 3 | . | ‡aDescendants. School of secrets. CJ's treasure chase |
| 246 | 3 | . | ‡aSchool of secrets. CJ's treasure chase |
| 250 | . | ‡aFirst hardcover/paperback edition. | |
| 264 | 1. | ‡aLos Angeles : ‡bDisney Press, ‡c2016. | |
| 264 | 4. | ‡c©2016 | |
| 300 | . | ‡a184 pages ; ‡c20 cm. | |
| 336 | . | ‡atext ‡btxt ‡2rdacontent | |
| 337 | . | ‡aunmediated ‡bn ‡2rdamedia | |
| 338 | . | ‡avolume ‡bnc ‡2rdacarrier | |
| 490 | 0 | . | ‡aSchool of secrets ; ‡v1 |
| 500 | . | ‡aAt head of title: Descendants. | |
| 500 | . | ‡a"New original story!"--Cover. | |
| 500 | . | ‡aBased on characters from the Disney Channel movie: Descendants written by Josann McGibbon & Sara Parriott ; directed by Kenny Ortega. | |
| 520 | . | ‡aCJ, the daughter of Captain James Hook, sneaks out of Auradon Prep with her best friend to search for treasure. | |
| 650 | 0. | ‡aTreasure troves ‡vJuvenile fiction. | |
| 650 | 0. | ‡aChildren of criminals ‡vJuvenile fiction. | |
| 650 | 0. | ‡aVillains ‡vJuvenile fiction. | |
| 650 | 0. | ‡aMagic ‡vJuvenile fiction. ‡0(LARL_NWRL_CONSORTIUM)165990 | |
| 650 | 1. | ‡aDisney characters ‡vFiction. | |
| 650 | 1. | ‡aBuried treasure ‡vFiction. | |
| 650 | 1. | ‡aBest friends ‡vFiction. ‡0(LARL_NWRL_CONSORTIUM)168959 | |
| 650 | 1. | ‡aPreparatory schools ‡vFiction. ‡0(LARL_NWRL_CONSORTIUM)166971 | |
| 650 | 1. | ‡aSchools ‡vFiction. ‡0(LARL_NWRL_CONSORTIUM)167222 | |
| 650 | 1. | ‡aFantasy. ‡0(LARL_NWRL_CONSORTIUM)19981 | |
| 655 | 7. | ‡aFantasy fiction. ‡2gsafd | |
| 710 | 2 | . | ‡aDisney Enterprises (1996- ) ‡0(LARL_NWRL_CONSORTIUM)132673 |
| 730 | 0 | . | ‡iBased on (work): ‡aDescendants (Television program) |
| 901 | . | ‡a408427 ‡b ‡c408427 ‡tbiblio | |

Add to basket
Permalink
Disable Highlighting